Anayatha kanalormmakal (Malayalam) (Record no. 75810)
[ view plain ]
| 000 -LEADER | |
|---|---|
| fixed length control field | 00322nam a22001337a 4500 |
| 020 ## - INTERNATIONAL STANDARD BOOK NUMBER | |
| ISBN | 978-93-48125-10-1 |
| 082 ## - DEWEY DECIMAL CLASSIFICATION NUMBER | |
| Classification number | 82-94=573.14 CHA |
| 100 ## - MAIN ENTRY--AUTHOR NAME | |
| Personal name | CHANDRIKA DEVI, M |
| 245 ## - TITLE STATEMENT | |
| Title | Anayatha kanalormmakal (Malayalam) |
| 260 ## - PUBLICATION, DISTRIBUTION, ETC. (IMPRINT) | |
| Place of publication | Thrissur |
| Name of publisher | Mangalodayam |
| Year of publication | 2025 |
| 300 ## - PHYSICAL DESCRIPTION | |
| Number of Pages | 152p. |
| 942 ## - ADDED ENTRY ELEMENTS (KOHA) | |
| Koha item type | Books |
| Withdrawn status | Lost status | Damaged status | Not for loan | Home library | Current library | Date acquired | Source of acquisition | Full call number | Accession Number | Koha item type |
|---|---|---|---|---|---|---|---|---|---|---|
| RRII Library | RRII Library | 09/02/2026 | Complementary copy from author | 82-94=573.14 CHA | G01761 | Books |